1054 1389 1924 1917 1880 1186 1774 1267 1546 1663 1230 1816 1855 1126 1274 1486 1473 1768 1565 1929 1005 1597 1610 1698 1881 1775 1819 1834 1450 1831 1830 1051 1191 1699 1503 1200 1742 1286 1661 1507 1345 1653 1872 1838 1446 1045 1986 1578 1916 1934 1904 1927 1931 1998 1197 1133 1786 1706 1271 1980 1213 1994 1121 1376 1849 1456 1443 1397 1595 1967 1899 1335 1885 1343 1586 1874 1348 1998 1439 1508 1684 1039 1346 1502 1832 1735 1567 1416 1110 1607 1082 1495 1348 1900 1868 1074 1371 1679 1550 BCNSPRNW ULIB Ver.6.0+V

เปลี่ยนเป็นภาษาไทย

Change to English
 แสดงรายละเอียดบรรณานุกรม
  กลับหน้าหลัก

Brief Record : Get Marc (ISO 2709) : E-mail record : QR code < ปิดหน้าต่าง
LEADER : 00000nam 2200000uu 4500
001    13399110869
003     ULIB
008    110610s2547||||th 000 0 tha d
020    9749184718
060 04 WS260^bศ486ต 2547
100 0  ศิริวรรณ วนานุกูล
245 10 ตำราโรคผิวหนังเด็ก. ^nเล่ม 1 /^cศิริวรรณ วนานุกูล
250    พิมพ์ครั้งที่ 1
260    กรุงเทพฯ :^bภาควิชากุมารเวชศาสตร์ คณะแพทยศาสตร์จุฬาลงกรณ์มหาวิทยาลัย,^c2547
300    202 หน้า :^bภาพประกอบสี ;^c27 ซม.
504    บรรณานุกรมและดัชนี
591    LICL มี ล. 1
650  7 ผิวหนัง, โรค^xการวินิจฉัย
650  7 ผิวหนัง, โรค^xในวัยทารกและวัยเด็ก
710 2  จุฬาลงกรณ์มหาวิทยาลัย. ^bคณะแพทยศาสตร์.^bภาควิชากุมารเวชศาสตร์
945    ^p550^l0^i017140
945    ^p550^l0^i017139
945    ^p550^l0^i016888
945    ^p550^l0^i016340
945    ^p550^l0^i016339
945    ^p550^l0^i016341
995    ทศพร
999 ^a ใช้งานได้ทุกระบบ
รายการนี้ยังไม่มีแท็ก
คุณยังไม่ได้ล็อกอิน คุณสามารถมีกิจกรรมร่วมกับเว็บไซต์ได้ แต่ต้องล็อกอินก่อน ::
  ล็อกอิน

รายการสื่อสารสนเทศ

ลำดับที่ ประเภท เลขเรียก/บาร์โค้ด สถานที่ สถานะ
- ไม่พบข้อมูล -

รายการใกล้เคียง
    ผู้แต่ง [ศิริวรรณ วนานุกูล]

BibComment


ยังไม่เคยถูกคอมเมนท์

คอมเมนท์ทรัพยากรรายการนี้
  คอมเมนท์: ตำราโรคผิวหนังเด็..


 Copyright 2026. Bcnsprnw @Library